[Event "Torino Province-ch"]
[Site "Torino"]
[Date "2016.03.01"]
[Round "6"]
[White "Leoni, Alessandro"]
[Black "Tondo, Stefano"]
[Result "1-0"]
[WhiteElo "1937"]
[BlackElo "1663"]
[PlyCount "63"]
[EventDate "2016.01.26"]
[EventType "swiss"]
[EventRounds "7"]
[EventCountry "ITA"]
[SourceTitle "EXT 2018"]
[Source "ChessBase"]
[SourceDate "2017.10.13"]
[SourceVersion "1"]
[SourceVersionDate "2017.10.13"]
[SourceQuality "1"]

1. e4 e6 2. d4 d5 3. Nc3 Nf6 4. Bd3 c5 5. exd5 Nxd5 6. Nf3 Nc6 7. 0-0 cxd4 8. Nb5 Bc5 9. Bc4 0-0 10. Nfxd4 Qh4 11. g3 Qf6 12. Nb3 Bd6 13. Nxd6 Rd8 14. Ne4 Qe5 15. Qf3 Nd4 16. Nxd4 Qxd4 17. Bd3 b6 18. Rd1 Qe5 19. c4 Nb4 20. Bf4 Qxb2 21. Rab1 Rxd3 22. Rxb2 Rxf3 23. Rxb4 e5 24. Bxe5 Bg4 25. c5 f5 26. Rd7 Rd8 27. Rxg7+ Kf8 28. cxb6 fxe4 29. Rxg4 e3 30. fxe3 Rd2 31. bxa7 Rxa2 32. Rgf4+ 1-0

[Event "Torino dell'Ariete op"]
[Site "Torino"]
[Date "2015.04.02"]
[Round "2"]
[White "Cutelli, Massimo"]
[Black "Leoni, Alessandro"]
[Result "1/2-1/2"]
[WhiteElo "1580"]
[BlackElo "1908"]
[PlyCount "109"]
[EventDate "2015.03.26"]
[EventType "swiss"]
[EventRounds "7"]
[EventCountry "ITA"]
[SourceTitle "EXT 2017"]
[Source "ChessBase"]
[SourceDate "2016.10.25"]
[SourceVersion "1"]
[SourceVersionDate "2016.10.25"]
[SourceQuality "1"]

1. e4 c5 2. Nc3 a6 3. f4 d5 4. Nxd5 b5 5. Nf3 Bb7 6. c4 e6 7. Nc3 b4 8. Na4 Bxe4 9. d3 Bb7 10. Be3 Qc7 11. Be2 Nf6 12. h3 Bd6 13. g3 Nbd7 14. Qd2 0-0 15. 0-0 Nh5 16. Kh2 Qc6 17. Bd1 Rad8 18. Qf2 e5 19. Nxe5 Nxe5 20. fxe5 Nxg3 21. Rg1 Bxe5 22. Bf4 Bxf4 23. Qxf4 Rxd3 24. Bg4 Qxa4 25. b3 Qc6 26. Rxg3 Rxg3 27. Kxg3 Qg2+ 28. Kh4 h6 29. Qf5 Bc8 30. Qf3 Qxf3 31. Bxf3 Rd8 32. Bd5 Be6 33. Bf3 Rd2 34. Kg3 Rb2 35. h4 g6 36. Kf4 Rh2 37. a3 Rxh4+ 38. Ke5 Rh3 39. Bd5 Rxb3 40. axb4 Rxb4 41. Rxa6 Rxc4 42. Bxc4 Bxc4 43. Rc6 h5 44. Rxc5 Be6 45. Kf6 Kh7 46. Kg5 Kg7 47. Rc7 Kf8 48. Kf6 h4 49. Rb7 Kg8 50. Rb4 h3 51. Rh4 Bd7 52. Rh6 Be6 53. Rh4 Bd7 54. Rh6 Be6 55. Rh4 1/2-1/2

[Event "Torino Province-ch"]
[Site "Torino"]
[Date "2015.02.19"]
[Round "4"]
[White "Leoni, Alessandro"]
[Black "Castelli, Giovanni J"]
[Result "1/2-1/2"]
[WhiteElo "1908"]
[BlackElo "1950"]
[PlyCount "67"]
[EventDate "2015.01.29"]
[EventType "swiss"]
[EventRounds "7"]
[EventCountry "ITA"]
[SourceTitle "EXT 2017"]
[Source "ChessBase"]
[SourceDate "2016.10.25"]
[SourceVersion "1"]
[SourceVersionDate "2016.10.25"]
[SourceQuality "1"]

1. e4 e5 2. Nf3 Nc6 3. Bb5 Nge7 4. c3 d5 5. Nxe5 dxe4 6. d4 exd3 7. Qxd3 Qxd3 8. Nxd3 Bf5 9. Ne5 f6 10. Nxc6 Nxc6 11. 0-0 0-0-0 12. Be3 Bd3 13. Bxd3 Rxd3 14. Nd2 Bc5 15. Nc4 Bxe3 16. Nxe3 Ne5 17. Rad1 Rhd8 18. Rxd3 Rxd3 19. Rd1 Rxd1+ 20. Nxd1 Kd7 21. Kf1 Ke6 22. Ke2 g5 23. f3 f5 24. g3 c5 25. b3 b5 26. f4 gxf4 27. gxf4 Ng4 28. h3 Nf6 29. c4 b4 30. Ne3 Ne4 31. Nd5 Kd6 32. Ke3 Kd7 33. Ke2 Kd6 34. Ke3 1/2-1/2

[Event "Torino Martedi-B 3rd"]
[Site "Torino"]
[Date "2013.10.29"]
[Round "7"]
[White "Gastaldi, Franco"]
[Black "Leoni, Alessandro"]
[Result "1/2-1/2"]
[WhiteElo "1737"]
[BlackElo "1865"]
[PlyCount "69"]
[EventDate "2013.09.17"]
[EventType "tourn"]
[EventRounds "7"]
[EventCountry "ITA"]
[SourceTitle "EXT 2015"]
[Source "ChessBase"]
[SourceDate "2014.11.20"]
[SourceVersion "1"]
[SourceVersionDate "2014.11.20"]
[SourceQuality "1"]

1. d4 Nf6 2. Nc3 d6 3. e4 e5 4. dxe5 dxe5 5. Qxd8+ Kxd8 6. Bg5 Be6 7. 0-0-0+ Nbd7 8. Nd5 Kc8 9. Nxf6 gxf6 10. Be3 Bd6 11. Ne2 Rd8 12. Nc3 Nc5 13. f3 a6 14. Bxc5 Bxc5 15. Rxd8+ Kxd8 16. Nd5 f5 17. Nc3 c6 18. Bd3 fxe4 19. Nxe4 Be3+ 20. Kb1 f5 21. Nd6 Kc7 22. Nxf5 Bc5 23. Re1 Rg8 24. g4 Bxf5 25. Bxf5 Bd6 26. h4 h6 27. c4 Be7 28. Rxe5 Bxh4 29. Re6 Bg5 30. Kc2 Rd8 31. Re2 b5 32. cxb5 axb5 33. Bd3 Rf8 34. Be4 Rd8 35. Bd3 1/2-1/2

[Event "Torino Martedi-B 3rd"]
[Site "Torino"]
[Date "2013.10.22"]
[Round "6"]
[White "Leoni, Alessandro"]
[Black "Tondo, Stefano"]
[Result "1-0"]
[WhiteElo "1865"]
[BlackElo "1751"]
[PlyCount "38"]
[EventDate "2013.09.17"]
[EventType "tourn"]
[EventRounds "7"]
[EventCountry "ITA"]
[SourceTitle "EXT 2015"]
[Source "ChessBase"]
[SourceDate "2014.11.20"]
[SourceVersion "1"]
[SourceVersionDate "2014.11.20"]
[SourceQuality "1"]

1. e4 e5 2. Bc4 Nf6 3. d3 d6 4. f4 Be7 5. Nf3 Nbd7 6. 0-0 0-0 7. Nc3 c6 8. a4 h6 9. a5 b6 10. axb6 Qxb6+ 11. Kh1 Ng4 12. Qe2 exf4 13. Na4 Qa5 14. Bxf4 Nge5 15. Bb3 Ng6 16. Bg3 Qh5 17. Nd4 Bh4 18. Bxd6 Be7 19. Bg3 Bd6 1-0

[Event "Torino Martedi-B 3rd"]
[Site "Torino"]
[Date "2013.10.01"]
[Round "3"]
[White "Castelli, Giovanni J"]
[Black "Leoni, Alessandro"]
[Result "0-1"]
[WhiteElo "1818"]
[BlackElo "1865"]
[PlyCount "62"]
[EventDate "2013.09.17"]
[EventType "tourn"]
[EventRounds "7"]
[EventCountry "ITA"]
[SourceTitle "EXT 2015"]
[Source "ChessBase"]
[SourceDate "2014.11.20"]
[SourceVersion "1"]
[SourceVersionDate "2014.11.20"]
[SourceQuality "1"]

1. c4 g6 2. Nc3 Bg7 3. g3 c5 4. Bg2 e6 5. e3 Ne7 6. Nge2 Nbc6 7. 0-0 0-0 8. d4 d6 9. a3 Na5 10. b3 Qb6 11. Rb1 Nac6 12. Na4 Qc7 13. dxc5 d5 14. cxd5 exd5 15. Bb2 Ne5 16. Nd4 Bd7 17. b4 Nc4 18. Nc3 Qe5 19. Bc1 Bf5 20. Nxf5 Qxf5 21. e4 dxe4 22. Nxe4 Rad8 23. Qb3 Rd4 24. Qf3 Rfd8 25. Bf4 Rd3 26. Qe2 Nxa3 27. Nd6 R3xd6 28. cxd6 Nxb1 29. dxe7 Re8 30. Be4 Nc3 31. Bxf5 Nxe2+ 0-1

[Event "Torino Estate Alfieri A"]
[Site "Torino"]
[Date "2011.05.24"]
[Round "4"]
[White "Di Chiara, Mauro"]
[Black "Leoni, Alessandro"]
[Result "1/2-1/2"]
[WhiteElo "1955"]
[BlackElo "1869"]
[PlyCount "72"]
[EventDate "2011.05.03"]
[EventType "tourn"]
[EventRounds "7"]
[EventCountry "ITA"]
[SourceTitle "EXT 2024"]
[Source "ChessBase"]
[SourceDate "2023.10.10"]
[SourceVersion "1"]
[SourceVersionDate "2023.10.10"]
[SourceQuality "1"]

1. Nf3 Nf6 2. d4 d6 3. c4 Nbd7 4. Nc3 e5 5. e4 c6 6. Be2 Be7 7. 0-0 0-0 8. Qc2 Qc7 9. h3 Re8 10. Be3 Nf8 11. Rad1 Ne6 12. d5 Nf8 13. Qd2 a5 14. c5 Rd8 15. cxd6 Bxd6 16. dxc6 Be7 17. cxb7 Bxb7 18. Nd5 Nxd5 19. exd5 Bxd5 20. Qc1 Qxc1 21. Rxc1 Bxa2 22. Nxe5 Bf6 23. Nc6 Rdc8 24. Bf3 Be6 25. Nd4 Rab8 26. Nxe6 Nxe6 27. Rxc8+ Rxc8 28. Ra1 Bxb2 29. Rxa5 Bd4 30. Bxd4 Nxd4 31. Bd5 g6 32. Ra7 Rf8 33. Kf1 h5 34. Rd7 Nf5 35. Ke2 Re8+ 36. Kd3 Re7 1/2-1/2

[Event "Torino-ch Alfieri"]
[Site "Torino"]
[Date "2010.11.20"]
[Round "3"]
[White "Leoni, Alessandro"]
[Black "Topczewski, Damian"]
[Result "0-1"]
[WhiteElo "1873"]
[BlackElo "2200"]
[PlyCount "132"]
[EventDate "2010.11.06"]
[EventType "tourn"]
[EventRounds "7"]
[EventCountry "ITA"]
[SourceTitle "EXT 2024"]
[Source "ChessBase"]
[SourceDate "2023.10.10"]
[SourceVersion "1"]
[SourceVersionDate "2023.10.10"]
[SourceQuality "1"]

1. e4 c5 2. Nf3 Nc6 3. d4 cxd4 4. Nxd4 g6 5. Nc3 Bg7 6. Be3 Nf6 7. Bc4 0-0 8. Nxc6 dxc6 9. e5 Ng4 10. e6 Bxe6 11. Bxe6 Nxe3 12. fxe3 fxe6 13. Qg4 Qb6 14. Qxe6+ Kh8 15. 0-0-0 Qc5 16. Rd7 Rae8 17. Na4 Qb5 18. Nc3 Qb4 19. a3 Qc5 20. Na4 Qa5 21. Qe4 Qb5 22. Nc3 Qc5 23. Na4 Qb5 24. Nc3 Rf1+ 25. Rd1 Bxc3 26. bxc3 Rxh1 27. Rxh1 Qa5 28. Qd4+ e5 29. Qb4 Qc7 30. Rf1 Qe7 31. Kb2 Kg7 32. Qc4 a6 33. Rd1 Rc8 34. Qg4 Rc7 35. h4 h5 36. Qe4 Qc5 37. g4 hxg4 38. Qxg4 Qxe3 39. Rd6 Qh6 40. Qe6 Rf7 41. Qxe5+ Kh7 42. Rd8 Qg7 43. Qxg7+ Kxg7 44. Kb3 Kh6 45. Rh8+ Rh7 46. Rd8 Kh5 47. Rd4 Rf7 48. Kc4 Rf5 49. a4 Ra5 50. Kb3 Rf5 51. Kc4 Rf2 52. a5 Rxc2 53. Kc5 Rxc3+ 54. Kb6 Rb3+ 55. Ka7 Rb5 56. Ra4 c5 57. Rc4 g5 58. hxg5 Kxg5 59. Kb8 Kf5 60. Kc7 Ke5 61. Ra4 Kd5 62. Ra1 c4 63. Rd1+ Kc5 64. Rh1 c3 65. Rh5+ Kb4 66. Rh3 c2 0-1

[Event "Torino-ch Alfieri"]
[Site "Torino"]
[Date "2010.11.13"]
[Round "2"]
[White "Femia, Nicola"]
[Black "Leoni, Alessandro"]
[Result "0-1"]
[WhiteElo "1818"]
[BlackElo "1873"]
[PlyCount "72"]
[EventDate "2010.11.06"]
[EventType "tourn"]
[EventRounds "7"]
[EventCountry "ITA"]
[SourceTitle "EXT 2024"]
[Source "ChessBase"]
[SourceDate "2023.10.10"]
[SourceVersion "1"]
[SourceVersionDate "2023.10.10"]
[SourceQuality "1"]

1. d4 Nf6 2. c4 g6 3. Nc3 d5 4. Nf3 Bg7 5. cxd5 Nxd5 6. e4 Nxc3 7. bxc3 c5 8. Be2 Nc6 9. Bb2 cxd4 10. cxd4 Qa5+ 11. Qd2 Qxd2+ 12. Kxd2 0-0 13. Rhd1 Rd8 14. Kc2 Bg4 15. e5 Rac8 16. Kb3 Na5+ 17. Kb4 b6 18. Rac1 Bh6 19. Rxc8 Rxc8 20. Bd3 Be6 21. Ka3 Bd5 22. Ne1 e6 23. Ba6 Nc4+ 24. Bxc4 Rxc4 25. Ba1 Bc1+ 26. Kb3 a5 27. Bc3 Rxd4+ 28. Kc2 Rxd1 29. Kxd1 Ba3 30. Bd4 b5 31. Nc2 Be7 32. a3 Bxg2 33. Bb6 b4 34. axb4 axb4 35. Kc1 b3 36. Nd4 Ba3+ 0-1

[Event "Torino Province-ch"]
[Site "Torino"]
[Date "2010.03.02"]
[Round "4"]
[White "Leoni, Alessandro"]
[Black "Quirico, Paolo"]
[Result "0-1"]
[WhiteElo "1871"]
[BlackElo "2167"]
[PlyCount "70"]
[EventDate "2010.02.09"]
[EventType "swiss"]
[EventRounds "7"]
[EventCountry "ITA"]
[SourceTitle "EXT 2024"]
[Source "ChessBase"]
[SourceDate "2023.10.10"]
[SourceVersion "1"]
[SourceVersionDate "2023.10.10"]
[SourceQuality "1"]

1. e4 e6 2. d4 d5 3. Nc3 Bb4 4. e5 c5 5. Bd2 Ne7 6. Nb5 Bxd2+ 7. Qxd2 0-0 8. dxc5 Nd7 9. Qc3 Nc6 10. f4 f6 11. Nf3 fxe5 12. fxe5 Ndxe5 13. 0-0-0 Nxf3 14. gxf3 Qf6 15. Qxf6 Rxf6 16. Nc7 Rb8 17. Bh3 e5 18. Bg2 d4 19. Rhe1 Bf5 20. Nd5 Rh6 21. f4 exf4 22. Ne7+ Nxe7 23. Rxe7 Rxh2 24. Bd5+ Kh8 25. Rxd4 Rxc2+ 26. Kd1 Rxc5 27. Bxb7 Rb5 28. Be4 Bg4+ 29. Ke1 Rxb2 30. Rxa7 f3 31. Rf7 Rxa2 32. Bxf3 Rb1+ 33. Rd1 Rxd1+ 34. Kxd1 Bxf3+ 35. Rxf3 Ra8 0-1

[Event "Savigliano 6th"]
[Site "Savigliano"]
[Date "2007.06.03"]
[Round "6"]
[White "Leoni, Alessandro"]
[Black "Cordara, Michele"]
[Result "0-1"]
[WhiteElo "1838"]
[BlackElo "2152"]
[PlyCount "96"]
[EventDate "2007.05.31"]
[EventType "swiss"]
[EventRounds "6"]
[EventCountry "ITA"]
[SourceTitle "EXT 2009"]
[Source "ChessBase"]
[SourceDate "2008.11.26"]
[SourceVersion "1"]
[SourceVersionDate "2008.11.26"]
[SourceQuality "1"]

1. e4 e6 2. d4 d5 3. Nc3 Bb4 4. e5 Qd7 5. Qg4 f5 6. Qh5+ Qf7 7. Qxf7+ Kxf7 8. Bd2 Bxc3 9. Bxc3 b6 10. Nf3 a5 11. Bd2 c5 12. c4 Bb7 13. dxc5 bxc5 14. cxd5 Bxd5 15. Rc1 Nd7 16. Bb5 Bxf3 17. Bxd7 Bxg2 18. Rg1 Bd5 19. Rxc5 Ne7 20. Bxa5 Ra7 21. Ba4 Bxa2 22. Kd2 Rb8 23. b4 Nd5 24. Rgc1 Nxb4 25. Rc7+ Rxc7 26. Rxc7+ Kg6 27. Re7 Ra8 28. Be8+ Rxe8 29. Rxe8 Nc6 30. Bc7 Kg5 31. Ke3 f4+ 32. Kd3 Kg4 33. Rg8 g6 34. Rg7 Kf3 35. Rxh7 Bb1+ 36. Kd2 Kxf2 37. Bd6 Kg2 38. Rf7 Bf5 39. Rc7 Be4 40. Rxc6 Bxc6 41. Ke1 Kxh2 42. Kf1 g5 43. Be7 g4 44. Bg5 Bb5+ 45. Kf2 g3+ 46. Kf3 Bc6+ 47. Kg4 g2 48. Bxf4+ Kh1 0-1

[Event "Savigliano 6th"]
[Site "Savigliano"]
[Date "2007.06.02"]
[Round "3"]
[White "Angioni, Gian Carlo"]
[Black "Leoni, Alessandro"]
[Result "0-1"]
[WhiteElo "1805"]
[BlackElo "1838"]
[PlyCount "78"]
[EventDate "2007.05.31"]
[EventType "swiss"]
[EventRounds "6"]
[EventCountry "ITA"]
[SourceTitle "EXT 2009"]
[Source "ChessBase"]
[SourceDate "2008.11.26"]
[SourceVersion "1"]
[SourceVersionDate "2008.11.26"]
[SourceQuality "1"]

1. Nc3 c5 2. Nf3 Nc6 3. e3 a6 4. Be2 Nf6 5. 0-0 d5 6. d4 e6 7. Re1 Bd6 8. Bf1 0-0 9. a3 Qc7 10. dxc5 Bxc5 11. Ne2 e5 12. Ng3 h6 13. b4 Bd6 14. Bb2 Bg4 15. Be2 b5 16. Qd2 Rfd8 17. Nh4 Be6 18. Nhf5 Bf8 19. Rad1 Ne4 20. Qc1 Nd6 21. Nxd6 Bxd6 22. Rd2 e4 23. Qd1 Be5 24. Bxe5 Nxe5 25. f4 exf3 26. gxf3 Qc3 27. Rd3 Nxd3 28. Bxd3 Qxa3 29. Qd2 Rac8 30. Qg2 Qxb4 31. Rf1 Qh4 32. Ra1 Bh3 33. Qd2 Qf6 34. Qd1 Rd6 35. f4 Re8 36. Ra3 Rde6 37. Qf3 Kh8 38. Nh5 Qh4 39. Bf1 Bg4 0-1

[Event "Turin olympic op-A"]
[Site "Turin"]
[Date "2006.05.27"]
[Round "7"]
[White "Leoni, Alessandro"]
[Black "Giacomasso, Enrico"]
[Result "1/2-1/2"]
[WhiteElo "1835"]
[BlackElo "1942"]
[PlyCount "51"]
[EventDate "2006.05.22"]
[EventType "swiss"]
[EventRounds "9"]
[EventCountry "ITA"]
[SourceTitle "EXT 2011"]
[Source "ChessBase"]
[SourceDate "2010.11.26"]
[SourceVersion "1"]
[SourceVersionDate "2010.11.26"]
[SourceQuality "1"]

1. e4 c5 2. Nf3 d6 3. d4 cxd4 4. Nxd4 Nf6 5. Nc3 a6 6. Bc4 e6 7. Bb3 Be7 8. 0-0 0-0 9. f4 Qc7 10. Be3 Nc6 11. Qf3 b5 12. Nxc6 Qxc6 13. e5 Qxf3 14. Rxf3 Ng4 15. Bd4 dxe5 16. fxe5 Bb7 17. Rd3 Rfd8 18. Kh1 Bh4 19. Nd1 Be4 20. Rh3 Be1 21. c3 a5 22. a3 a4 23. Ba2 Bc2 24. Kg1 Bd2 25. Bb1 Bxb1 26. Rxb1 1/2-1/2

[Event "Turin olympic op-A"]
[Site "Turin"]
[Date "2006.05.26"]
[Round "5"]
[White "Leoni, Alessandro"]
[Black "Crepaldi, Manuele"]
[Result "1-0"]
[WhiteElo "1835"]
[BlackElo "1772"]
[PlyCount "77"]
[EventDate "2006.05.22"]
[EventType "swiss"]
[EventRounds "9"]
[EventCountry "ITA"]
[SourceTitle "EXT 2011"]
[Source "ChessBase"]
[SourceDate "2010.11.26"]
[SourceVersion "1"]
[SourceVersionDate "2010.11.26"]
[SourceQuality "1"]

1. e4 c5 2. Nf3 d6 3. d4 cxd4 4. Nxd4 Nf6 5. Nc3 g6 6. Be3 Bg7 7. f3 Nc6 8. Bc4 0-0 9. Bb3 Bd7 10. Qd2 Ne5 11. h4 Qa5 12. h5 Rfc8 13. hxg6 hxg6 14. Bh6 Bxh6 15. Qxh6 Nh5 16. 0-0-0 Rxc3 17. bxc3 Rc8 18. g4 Qxc3 19. Kb1 Ba4 20. Rxh5 gxh5 21. gxh5 Bxb3 22. axb3 Nxf3 23. Rd3 Qe1+ 24. Kb2 Nxd4 25. Qg5+ Kf8 26. Qh6+ Ke8 27. Qh8+ Kd7 28. Qxd4 Rc6 29. h6 Qh4 30. Qg7 Qf6+ 31. Rc3 d5 32. Qxf6 Rxf6 33. Rh3 Rxh6 34. Rxh6 dxe4 35. Kc3 f5 36. Kd4 e6 37. Ke5 e3 38. Rxe6 f4 39. Kf5 1-0

[Event "IECG TE.2004.P.01413 email"]
[Site "IECG email"]
[Date "2004.03.17"]
[Round "?"]
[White "Booth, Grahame"]
[Black "Leoni, Alessandro"]
[Result "0-1"]
[WhiteElo "848"]
[BlackElo "2051"]
[PlyCount "60"]
[EventDate "2004.03.17"]
[EventType "tourn (corr)"]
[EventRounds "8"]
[SourceTitle "Corr 2008"]
[Source "ChessBase"]
[SourceDate "2008.06.24"]
[SourceVersion "1"]
[SourceVersionDate "2008.06.24"]
[SourceQuality "1"]

1. d4 Nf6 2. c4 e6 3. Nc3 Bb4 4. f3 c5 5. a3 Bxc3+ 6. bxc3 Nc6 7. e4 d6 8. dxc5 dxc5 9. Qxd8+ Kxd8 10. Be3 b6 11. 0-0-0+ Ke7 12. Nh3 Ba6 13. Bg5 Rhd8 14. Be2 h6 15. Bf4 e5 16. Bg3 Nh5 17. Bh4+ g5 18. Bf2 Na5 19. Rxd8 Rxd8 20. Rd1 Bxc4 21. Rxd8 Kxd8 22. Bxc4 Nxc4 23. a4 Kd7 24. Kc2 Kc6 25. g4 Nf4 26. Nxf4 exf4 27. Kd3 b5 28. axb5+ Kxb5 29. h4 a5 30. hxg5 hxg5 0-1

[Event "IECG TE.2004.P.01413 email"]
[Site "IECG email"]
[Date "2004.03.17"]
[Round "?"]
[White "Leoni, Alessandro"]
[Black "Booth, Grahame"]
[Result "0-1"]
[WhiteElo "2051"]
[BlackElo "848"]
[PlyCount "82"]
[EventDate "2004.03.17"]
[EventType "tourn (corr)"]
[EventRounds "8"]
[SourceTitle "Corr 2008"]
[Source "ChessBase"]
[SourceDate "2008.06.24"]
[SourceVersion "1"]
[SourceVersionDate "2008.06.24"]
[SourceQuality "1"]

1. d4 Nf6 2. c4 e6 3. Nc3 Bb4 4. f3 d5 5. a3 Bxc3+ 6. bxc3 0-0 7. cxd5 exd5 8. e3 Nh5 9. Qc2 Re8 10. Bd3 Qh4+ 11. Qf2 Qf6 12. Ne2 g6 13. 0-0 b6 14. e4 Ba6 15. Bc2 Nc6 16. Re1 dxe4 17. fxe4 Qxf2+ 18. Kxf2 Bxe2 19. Rxe2 Rad8 20. g4 Nf6 21. g5 Nd7 22. Bf4 Rc8 23. Ba4 Ncb8 24. Rf1 a6 25. Ke1 b5 26. Bb3 Re7 27. Bg3 Nc6 28. Bd5 Nd8 29. Kd2 c6 30. Bb3 Nb6 31. h4 a5 32. Bd6 Rd7 33. Bc5 a4 34. Ba2 Nc4+ 35. Bxc4 bxc4 36. Rb1 Nb7 37. Bb6 Re8 38. Rb4 Nd6 39. Bc7 Rxc7 40. e5 Nb5 41. Rxa4 Ra7 0-1

[Event "IECG TE.2004.P.01413 email"]
[Site "IECG email"]
[Date "2004.03.17"]
[Round "?"]
[White "Leoni, Alessandro"]
[Black "Ottenweller, Wolfgang"]
[Result "0-1"]
[WhiteElo "2051"]
[BlackElo "2033"]
[PlyCount "39"]
[EventDate "2004.03.17"]
[EventType "tourn (corr)"]
[EventRounds "8"]
[SourceTitle "Corr 2008"]
[Source "ChessBase"]
[SourceDate "2008.06.24"]
[SourceVersion "1"]
[SourceVersionDate "2008.06.24"]
[SourceQuality "1"]

1. d4 Nf6 2. c4 e6 3. Nc3 Bb4 4. f3 c5 5. a3 Bxc3+ 6. bxc3 d5 7. cxd5 Nxd5 8. dxc5 Qa5 9. e4 Ne7 10. Qb3 Qxc5 11. Qb5+ Qxb5 12. Bxb5+ Bd7 13. Bd3 b6 14. Be3 Ba4 15. f4 Nd7 16. Nf3 Rc8 17. Kd2 Nc5 18. Bxc5 Rxc5 19. Rab1 Nc6 20. e5 0-1

[Event "IECG TE.2004.P.01413 email"]
[Site "IECG email"]
[Date "2004.03.17"]
[Round "?"]
[White "Leoni, Alessandro"]
[Black "Sadowski, Marek"]
[Result "0-1"]
[WhiteElo "2051"]
[BlackElo "1912"]
[PlyCount "84"]
[EventDate "2004.03.17"]
[EventType "tourn (corr)"]
[EventRounds "8"]
[SourceTitle "Corr 2008"]
[Source "ChessBase"]
[SourceDate "2008.06.24"]
[SourceVersion "1"]
[SourceVersionDate "2008.06.24"]
[SourceQuality "1"]

1. d4 Nf6 2. c4 e6 3. Nc3 Bb4 4. f3 d5 5. a3 Bxc3+ 6. bxc3 c5 7. cxd5 Nxd5 8. dxc5 Qa5 9. e4 Ne7 10. Qb3 Qxc5 11. Qb5+ Qxb5 12. Bxb5+ Bd7 13. Bd3 0-0 14. Rb1 b6 15. Ne2 e5 16. Be3 Rc8 17. Kf2 Be6 18. Rhd1 Nd7 19. Ba6 Rc7 20. g4 Nc5 21. Bb5 h6 22. h4 Nb7 23. g5 hxg5 24. hxg5 Ng6 25. Rbc1 Nc5 26. Rd6 Rb8 27. Rcd1 Nb7 28. R6d2 Rf8 29. Bd7 Bb3 30. Rb1 Na5 31. Bf5 Be6 32. Bxe6 fxe6 33. Rdd1 Nh4 34. Ng1 Rcf7 35. Rb4 Nxf3 36. Nxf3 Rxf3+ 37. Ke2 Rh3 38. Rd7 Kh7 39. a4 Rh2+ 40. Kd3 Rf1 41. Bd2 Rf3+ 42. Kc2 Rff2 0-1

[Event "IECG TE.2002.S.01004 email"]
[Site "IECG email"]
[Date "2003.12.27"]
[Round "?"]
[White "Leoni, Alessandro"]
[Black "Jenneborg, Seved"]
[Result "1-0"]
[WhiteElo "2010"]
[BlackElo "1327"]
[PlyCount "101"]
[EventDate "2003.12.27"]
[EventType "tourn (corr)"]
[EventRounds "8"]
[SourceTitle "Corr 2008"]
[Source "ChessBase"]
[SourceDate "2008.06.24"]
[SourceVersion "1"]
[SourceVersionDate "2008.06.24"]
[SourceQuality "1"]

1. e4 e5 2. Nf3 Nc6 3. Bb5 Bc5 4. c3 Nf6 5. d4 exd4 6. e5 Nd5 7. 0-0 a6 8. cxd4 Be7 9. Ba4 d6 10. Qb3 Nb6 11. d5 Nxa4 12. Qxa4 b5 13. Qe4 Na5 14. exd6 cxd6 15. Re1 Kf8 16. Bd2 Nc4 17. Bc3 Bb7 18. a4 Rg8 19. axb5 axb5 20. Rxa8 Bxa8 21. Nd4 g6 22. Nxb5 Ne5 23. Bd4 f5 24. Qe3 Bg5 25. Qa3 Nc4 26. Qc3 Bxd5 27. b3 Ne5 28. Bxe5 dxe5 29. Rd1 e4 30. Nc7 Kf7 31. Nxd5 Qb8 32. Nd2 Rd8 33. Nc4 Qb5 34. Ne5+ Kg8 35. Qc4 Qxc4 36. bxc4 Re8 37. f4 Be7 38. Kf1 Kh8 39. Nxe7 Rxe7 40. c5 Kg7 41. c6 Re8 42. c7 Rc8 43. Rd7+ Kf6 44. Nc4 g5 45. fxg5+ Kxg5 46. Nd6 Ra8 47. Rxh7 Ra1+ 48. Ke2 Rc1 49. c8Q Rxc8 50. Nxc8 Kg6 51. Nd6 1-0

[Event "IECG TE.2002.S.01004 email"]
[Site "IECG email"]
[Date "2003.12.27"]
[Round "?"]
[White "Vyt, Johan"]
[Black "Leoni, Alessandro"]
[Result "1-0"]
[WhiteElo "1810"]
[BlackElo "2010"]
[PlyCount "73"]
[EventDate "2003.12.27"]
[EventType "tourn (corr)"]
[EventRounds "8"]
[SourceTitle "Corr 2008"]
[Source "ChessBase"]
[SourceDate "2008.06.24"]
[SourceVersion "1"]
[SourceVersionDate "2008.06.24"]
[SourceQuality "1"]

1. e4 e5 2. Nf3 Nc6 3. Bb5 Bc5 4. c3 Nf6 5. 0-0 0-0 6. d4 Bb6 7. Bg5 h6 8. Bh4 exd4 9. e5 g5 10. Bxc6 dxc6 11. Nxg5 dxc3 12. Qxd8 Rxd8 13. Nxc3 Nd5 14. Nxf7 Re8 15. Nxh6+ Kg7 16. Bg5 Rxe5 17. h4 Nxc3 18. bxc3 Re2 19. g4 Be6 20. Nf5+ Kg6 21. Ne3 Bxa2 22. Kg2 Bd5+ 23. Kg3 a5 24. Rfe1 Rxe1 25. Rxe1 Re8 26. h5+ Kf7 27. Bf4 Bxe3 28. Bxe3 b5 29. g5 Kg8 30. f4 c5 31. g6 Kg7 32. f5 Kf6 33. Bd4+ Kxf5 34. Rxe8 cxd4 35. cxd4 Kf6 36. Kh4 b4 37. Re2 1-0

[Event "IECG CP.2002.Q.00008 email"]
[Site "IECG email"]
[Date "2003.10.01"]
[Round "?"]
[White "Leoni, Alessandro"]
[Black "Bulgarini Torre, Marco"]
[Result "1/2-1/2"]
[WhiteElo "2010"]
[BlackElo "2064"]
[PlyCount "88"]
[EventDate "2003.10.01"]
[EventType "tourn (corr)"]
[EventRounds "10"]
[SourceTitle "Corr 2008"]
[Source "ChessBase"]
[SourceDate "2008.06.24"]
[SourceVersion "1"]
[SourceVersionDate "2008.06.24"]
[SourceQuality "1"]

1. e4 e5 2. Nf3 Nc6 3. Bb5 Bc5 4. c3 Nf6 5. d4 exd4 6. e5 Ne4 7. Qe2 d5 8. exd6 0-0 9. dxc7 Qd5 10. 0-0 Bf5 11. Bf4 Rfe8 12. cxd4 Bxd4 13. Nxd4 Nxd4 14. Qd1 Re6 15. Ba4 Rg6 16. Bb3 Qc5 17. Be3 Bh3 18. Qxd4 Qxd4 19. Bxd4 Bxg2 20. Be5 Bh3+ 21. Bg3 Nxg3 22. fxg3 Bxf1 23. Kxf1 Rc6 24. Nc3 Rxc7 25. Rd1 Kf8 26. Kf2 Re8 27. Ba4 Rec8 28. Nb5 Rc5 29. h4 a6 30. Nd6 Rd8 31. Nxb7 Rf5+ 32. Ke3 Rxd1 33. Bxd1 Rb5 34. Bf3 Rxb2 35. Bd5 Rb5 36. Kd4 Rb4+ 37. Kc5 Rg4 38. Nd8 Rxg3 39. Nxf7 Rh3 40. Ng5 Rxh4 41. Ne6+ Kf7 42. Nc7+ Kf6 43. Nxa6 Ra4 44. Nb4 g5 1/2-1/2